Chansons 🎶 en emojis 🎤 #2 - Statistiques

Statistiques générales
  • Ce quiz a été pris 2 885 fois
  • Le résultat moyen est 5 sur 10
Statistiques - réponses

% Correct
🌵🌵 Les cactus
78%
🩰💃🕺👯‍♀️ 🦆🦆 La danse des canards
75%
🤴🤴 🌏 Les rois du monde
75%
🏡 🔙 🏆 Ramenez la coupe à la maison
62%
🔛 🔥 Allumer le feu
61%
📞 🤰 🤕 Allo maman bobo
50%
🔄 🎻🎻 Tournent les violons
44%
✍️ 📙 Ecris l'histoire
27%
🕊 🧒 L'oiseau et l'enfant
24%
🌃 🙋 🤥 La nuit je mens
18%
Aucun quiz correspondant
Distribution des résultats
% des personnes avec chaque résultat
Percentile par nombre de réponses
Votre historique - résultats
Vous n’avez pas pris ce quiz